000 00548nam a2200181Ia 4500
001 4452
005 20260306145757.0
008 260306t2018||||xx |||||||||||||| ||spa||
041 _aESP
082 _a322.10985
_bC94
100 _aCubas Ramacciotti, Ricardo D.
_eAUT
245 4 _aThe politics of religion and the rise of social catholicism in Perú (1884-1935):
_bfaith, workers, and race before Liberation Theology
260 _c2018
300 _axiii, 297 páginas :
_c24 cm.
650 _aGEN
654 _aCHU
942 _cLIB
_dJUS
_fJUS
_2ddc
_n
999 _c4452
_d4452